| 000 | 00556nac a22001691u 4500 | ||
|---|---|---|---|
| 008 | 100906t2003 ii |||||r|||| 001 0 eng d | ||
| 020 | _a8123901364 | ||
| 082 |
_a621.93 _bSHA _222 |
||
| 100 |
_aShaw, M.C. _918198 |
||
| 245 |
_aMetal Cutting Principles / _cMilton C. Shaw. |
||
| 260 |
_aNew Delhi : _bCBS Publishers and Distributors, _c2003. |
||
| 300 |
_a594 p. : _bill. ; _c24 cm. |
||
| 490 |
_918197 _aOxford Series on Advanced Manufacturing |
||
| 500 | _aIncludes index. | ||
| 650 |
_aMetal-cutting. _918199 |
||
| 942 |
_cBB _k621.93SHA _2ddc |
||
| 999 |
_c1040 _d1040 |
||